000 00411nam a22001577a 4500
999 _c18952
_d18952
003 OSt
005 20210215161715.0
008 160907b xxu||||| |||| 00| 0 eng d
040 _aMMU
_beng
_cMMU
_dMMU
050 _aSD .W26383 2009
245 _aPlanting trees to eat fish/
_cwetlands international
260 _aKenya:
_bwetlands,
_c2009
300 _avii, 144 p. :
650 _afish
942 _2lcc
_cLOAN LOAN